| 000 | 00520nam a22001937a 4500 | ||
|---|---|---|---|
| 003 | OSt | ||
| 005 | 20130528155212.0 | ||
| 008 | 130528s1996 sp ||||| |||| 00| 0 spa d | ||
| 020 | _a8433910361 | ||
| 040 | _cCDMR | ||
| 100 | 1 |
_92875 _aPardo, Jesús |
|
| 245 | 1 | 0 |
_aAutorretrato sin retoques _cJesús Pardo |
| 260 |
_aBarcelona _bAnagrama _cDL 1996 |
||
| 300 | _a428 p. | ||
| 490 | 0 |
_aNarrativas hispánicas _v206 |
|
| 600 | 1 |
_92875 _aPardo, Jesús _vBiografia |
|
| 650 | 0 | 4 |
_93074 _aPeriodistes _vBiografia |
| 942 |
_2udc _cMON |
||
| 999 |
_c6323 _d6323 |
||